[Event "Catalunya-chT Gp1"]
[Site "Barcelona"]
[Date "2016.03.05"]
[Round "7.2"]
[White "Pinsach Gelabert, Alexandre"]
[Black "Lanau Garcia, Francesc"]
[Result "1-0"]
[WhiteElo "2043"]
[BlackElo "1906"]
[PlyCount "35"]
[EventDate "2016.01.23"]
[EventType "team-tourn"]
[EventRounds "7"]
[EventCountry "ESP"]
[SourceTitle "EXT 2017"]
[Source "ChessBase"]
[SourceDate "2016.10.25"]
[SourceVersion "1"]
[SourceVersionDate "2016.10.25"]
[SourceQuality "1"]
[WhiteTeam "Figueres"]
[BlackTeam "Cerdanyola Valles"]
[WhiteTeamCountry "ESP"]
[BlackTeamCountry "ESP"]

1. e4 d6 2. d4 Nf6 3. Nc3 g6 4. Be2 Bg7 5. Be3 c6 6. Qd2 Qa5 7. 0-0-0 b5 8. e5 dxe5 9. dxe5 Ng4 10. Nxb5 Qxd2+ 11. Rxd2 cxb5 12. Bf3 Nxe5 13. Bxa8 Nc4 14. Rd5 Bxb2+ 15. Kd1 a6 16. Ba7 Be5 17. Rxe5 Nxe5 18. Bxb8 1-0

[Event "Catalunya-chT GpB final"]
[Site "Barcelona"]
[Date "2015.04.11"]
[Round "10.1"]
[White "Subirachs Mancebo, Guillem"]
[Black "Lanau Garcia, Francesc"]
[Result "1/2-1/2"]
[WhiteElo "2120"]
[BlackElo "1900"]
[PlyCount "52"]
[EventDate "2015.03.14"]
[EventType "team-tourn"]
[EventRounds "11"]
[EventCountry "ESP"]
[SourceTitle "EXT 2016"]
[Source "ChessBase"]
[SourceDate "2015.10.08"]
[SourceVersion "1"]
[SourceVersionDate "2015.10.08"]
[SourceQuality "1"]
[WhiteTeam "Peona I Peo"]
[BlackTeam "Cerdanyola Valles"]
[WhiteTeamCountry "ESP"]
[BlackTeamCountry "ESP"]

1. e4 d6 2. Nc3 Nf6 3. g3 g6 4. Bg2 Bg7 5. Nge2 0-0 6. 0-0 e5 7. h3 c6 8. d4 Be6 9. a4 a5 10. Be3 Bc4 11. Re1 Bxe2 12. Rxe2 Qe7 13. g4 Na6 14. f4 exd4 15. Bxd4 Rfd8 16. Qd2 Nd7 17. g5 h5 18. Bxg7 Kxg7 19. Rd1 Ndc5 20. Qd4+ Kg8 21. Qf2 Nc7 22. h4 Rab8 23. Kh2 b5 24. e5 d5 25. b3 bxa4 26. bxa4 Rb4 1/2-1/2

[Event "Catalunya-chT Honor"]
[Site "Catalunya"]
[Date "2013.02.16"]
[Round "5.8"]
[White "Lanau Garcia, Francesc"]
[Black "Tallo Dominguez, Imar"]
[Result "0-1"]
[WhiteElo "1925"]
[BlackElo "2250"]
[PlyCount "76"]
[EventDate "2013.01.19"]
[EventType "team-tourn"]
[EventRounds "11"]
[EventCountry "ESP"]
[SourceTitle "EXT 2014"]
[Source "ChessBase"]
[SourceDate "2013.11.20"]
[SourceVersion "1"]
[SourceVersionDate "2013.11.20"]
[SourceQuality "1"]
[WhiteTeam "Cerdanyola Valles"]
[BlackTeam "Colon Sabadell"]
[WhiteTeamCountry "ESP"]
[BlackTeamCountry "ESP"]

1. d4 Nf6 2. c4 c5 3. d5 b5 4. cxb5 a6 5. bxa6 g6 6. Nc3 Bxa6 7. Nf3 d6 8. e4 Bxf1 9. Kxf1 Nbd7 10. g3 Bg7 11. Kg2 0-0 12. Re1 Ra6 13. Qc2 Qa8 14. a3 Rb8 15. Rb1 e6 16. Qd3 exd5 17. exd5 Nb6 18. Rd1 c4 19. Qe2 Re8 20. Qf1 Ra5 21. Be3 Nbxd5 22. Nxd5 Nxd5 23. Bd4 Nc3 24. bxc3 Rf5 25. Bxg7 Qxf3+ 26. Kg1 Kxg7 27. Re1 Ra8 28. Ra1 Qxc3 29. Rec1 Qb2 30. Rab1 Qxa3 31. Qxc4 Qa7 32. Qc3+ Kg8 33. Qb2 Re8 34. Re1 Rfe5 35. Qd2 Qe7 36. Red1 Qf6 37. Qd4 Re1+ 38. Kg2 Qxd4 0-1

[Event "Cerdanyola del Valles op 31st"]
[Site "Cerdanyola del Valles"]
[Date "2013.??.??"]
[Round "6"]
[White "Hernando Rodrigo, Julio Antonio"]
[Black "Lanau Garcia, Francesc"]
[Result "1-0"]
[WhiteElo "2379"]
[BlackElo "1910"]
[PlyCount "89"]
[EventDate "2013.10.05"]
[EventType "swiss"]
[EventRounds "8"]
[EventCountry "ESP"]
[SourceTitle "CBM 157 Extra"]
[Source "ChessBase"]
[SourceDate "2013.12.19"]
[SourceVersion "1"]
[SourceVersionDate "2013.12.19"]
[SourceQuality "1"]

1. d4 d5 2. Nf3 c6 3. g3 Nf6 4. Bg2 g6 5. 0-0 Bg7 6. c4 0-0 7. Ne5 e6 8. Nc3 Nbd7 9. Nxd7 Nxd7 10. cxd5 exd5 11. Rb1 Nf6 12. b4 Re8 13. Bf4 Nh5 14. Be3 Bf5 15. Rc1 a6 16. Qd2 Qd7 17. Na4 Qe7 18. Bf3 Nf6 19. Nb6 Rad8 20. Bg5 h6 21. Bxh6 Bxh6 22. Qxh6 Qxb4 23. Qh4 Qxb6 24. Qxf6 Qc7 25. Qg5 Qe7 26. Qd2 Kg7 27. Rc3 Rc8 28. Rb3 Rc7 29. Rc1 Qd6 30. a4 Rh8 31. a5 Bc8 32. Bg2 Re7 33. h4 f6 34. Bf3 Qe6 35. Qb4 Qd7 36. Qd2 g5 37. hxg5 Qh3 38. Qf4 fxg5 39. Qxg5+ Kf7 40. Rcc3 Be6 41. Re3 Rh6 42. Rxe6 Qh2+ 43. Kf1 Rexe6 44. Bh5+ Kf8 45. Rf3+ 1-0

[Event "Cerdanyola del Valles op-A 29th"]
[Site "Cerdanyola del Valles"]
[Date "2011.11.05"]
[Round "5"]
[White "Lanau Garcia, Francesc"]
[Black "Martin Perez, Laura"]
[Result "1/2-1/2"]
[WhiteElo "1889"]
[BlackElo "1949"]
[PlyCount "86"]
[EventDate "2011.10.01"]
[EventType "swiss"]
[EventRounds "8"]
[EventCountry "ESP"]
[SourceTitle "EXT 2013"]
[Source "ChessBase"]
[SourceDate "2012.11.22"]
[SourceVersion "1"]
[SourceVersionDate "2012.11.22"]
[SourceQuality "1"]

1. d4 Nf6 2. c4 c5 3. d5 b5 4. cxb5 a6 5. bxa6 g6 6. Nc3 Bxa6 7. Nf3 d6 8. g3 Bg7 9. e4 Bxf1 10. Kxf1 0-0 11. Kg2 Nbd7 12. h3 Qa5 13. Re1 Ra7 14. Bd2 Qa6 15. b3 Ne8 16. Qc2 Nc7 17. a4 Rb7 18. Rab1 e6 19. dxe6 fxe6 20. Bf4 Nf6 21. Rbd1 Nfe8 22. Rd3 Rxb3 23. Nb5 Rb2 24. Qd1 Nxb5 25. axb5 Qxb5 26. Bxd6 Nxd6 27. Rxd6 Qc4 28. Rd8 Qa2 29. Rxf8+ Bxf8 30. Rf1 Qc4 31. Re1 Qc2 32. Qxc2 Rxc2 33. Rd1 Be7 34. Kf1 Kf8 35. Rd2 Rc4 36. Re2 Bf6 37. Ke1 Rb4 38. e5 Be7 39. Rc2 Re4+ 40. Kd1 Ra4 41. Ke2 Kf7 42. Kd3 h6 43. Rc4 Ra3+ 1/2-1/2

[Event "Cerdanyola del Valles op 28th"]
[Site "Cerdanyola del Valles"]
[Date "2010.10.23"]
[Round "4"]
[White "Lanau Garcia, Francesc"]
[Black "Ventura Bolet, Alexandre"]
[Result "1/2-1/2"]
[WhiteElo "1863"]
[BlackElo "1728"]
[PlyCount "61"]
[EventDate "2010.10.02"]
[EventType "swiss"]
[EventRounds "7"]
[EventCountry "ESP"]
[SourceTitle "EXT 2012"]
[Source "ChessBase"]
[SourceDate "2011.11.24"]
[SourceVersion "1"]
[SourceVersionDate "2011.11.24"]
[SourceQuality "1"]

1. d4 d5 2. c4 e5 3. dxe5 d4 4. Nf3 Nc6 5. Bg5 Be7 6. Bxe7 Ngxe7 7. g3 Ng6 8. Bg2 0-0 9. 0-0 Ngxe5 10. Nxe5 Nxe5 11. Qc2 Rb8 12. h3 Be6 13. b3 Qd7 14. Kh2 Bf5 15. Qd2 Rfd8 16. f4 Nc6 17. Na3 Qe7 18. Nc2 Bxc2 19. Qxc2 Re8 20. Rfe1 Qe3 21. Qd3 Nb4 22. Qd1 Qf2 23. e4 dxe3 24. Re2 Rbd8 25. Rxf2 Rxd1 26. Rxd1 exf2 27. Rd2 g6 28. Rxf2 b6 29. Rd2 a5 30. Bb7 Rb8 31. Bg2 1/2-1/2

[Event "Cerdanyola del Valles op-A 24th"]
[Site "Cerdanyola del Valles"]
[Date "2006.11.04"]
[Round "6.3"]
[White "Lanau Garcia, Francesc"]
[Black "Alonso Moyano, Jonathan"]
[Result "0-1"]
[WhiteElo "2145"]
[BlackElo "2455"]
[PlyCount "58"]
[EventDate "2006.09.30"]
[EventType "swiss"]
[EventRounds "8"]
[EventCountry "AUT"]
[SourceTitle "EXT 2024"]
[Source "ChessBase"]
[SourceDate "2023.10.10"]
[SourceVersion "1"]
[SourceVersionDate "2023.10.10"]
[SourceQuality "1"]

1. d4 f5 2. c4 Nf6 3. Nf3 g6 4. Nc3 Bg7 5. Bf4 d6 6. h4 h6 7. Qb3 Na6 8. e3 c5 9. Rd1 0-0 10. d5 Nc7 11. Be2 Rb8 12. Qc2 a6 13. 0-0 b5 14. b3 b4 15. Nb1 a5 16. Nbd2 a4 17. Bd3 axb3 18. Nxb3 Ra8 19. Qe2 Ra7 20. Rd2 Na8 21. e4 fxe4 22. Bxe4 Nxe4 23. Qxe4 Bf5 24. Qe3 Kh7 25. Rc1 Nb6 26. Ne1 Qa8 27. Nd3 Bc3 28. Rdd1 Na4 29. Qe2 Bxd3 0-1